| 000 | 01143nam a2200277 i 4500 | ||
|---|---|---|---|
| 001 | bg | ||
| 100 | 1 | _aKOZŁOWSKI, Andrzej | |
| 245 | 1 | 0 |
_aBudowa i eksploatacja pojazdów samochodowych. _nZ. 9, _pDemontaż i montaż układu doładowania silnika spalinowego / _c[aut. opracowania Andrzej Kozłowski]. |
| 260 |
_aWarszawa : _bWydawnictwa Komunikacji i Łączności, _c2000. |
||
| 300 |
_a20 s. : _bil. ; _c29 cm. |
||
| 490 | 1 | _aMechanik Pojazdów Samochodowych | |
| 500 | _aAut. z. 1: Stanisław Kołtun, z. 8: Lech Mączkowski. Opis wg okł. | ||
| 650 | 9 |
_aSamochody _xobsługa i eksploatacja |
|
| 650 | 9 |
_aSilniki samochodowe _xremont |
|
| 655 | _aĆwiczenia i zadania dla szkół zawodowych | ||
| 830 | _aMechanik Pojazdów Samochodowych | ||
| 015 | _aPB 6063/2002 | ||
| 020 | _a8320613752 | ||
| 040 | _cBPK | ||
| 041 | 0 | _apol | |
| 080 | _a629.33:621.43](075.3.053.7)(076) | ||
| 920 | _a83-206-1375-2 | ||
| 942 | _cKA | ||
| 008 | s pl f |000 0 pol | ||
| 999 |
_c35150 _d35150 |
||
| 856 |
_uhttp://koha.tu.koszalin.pl/cgi-bin/koha/opac-detail.pl?biblionumber=35150 _yKatalog online BPK |
||